La montaña mágica / Thomás Mann (Registro nro. 1017)

Detalles MARC
000 -LEADER
fixed length control field 00456nam a22001931a 4500
001 - CONTROL NUMBER
control field 1017
003 - CONTROL NUMBER IDENTIFIER
control field OSt
005 - DATE AND TIME OF LATEST TRANSACTION
control field 20260204211718.0
008 - FIXED-LENGTH DATA ELEMENTS--GENERAL INFORMATION
fixed length control field 040115s2000||||sp ||||||b||||||||||spa||
020 ## - NUMERO DE LIBRO INTERNACIONAL NORMALIZADO
International Standard Book Number 8481301620
050 ## - LIBRARY OF CONGRESS CALL NUMBER
Classification number 833.912 M316m
082 ## - DEWEY DECIMAL CLASSIFICATION NUMBER
Classification number 808.83 M316m
100 ## - ASIENTO PRINCIPAL -- NOMBRE PERSONAL
Personal name Mann, Thomás
245 ## - TÍTULO PROPIAMENTE DICHO: SUBTÍTULO
Title La montaña mágica / Thomás Mann
264 ## - PRODUCTION, PUBLICATION, DISTRIBUTION, MANUFACTURE, AND COPYRIGHT NOTICE
Place of production, publication, distribution, manufacture España : Industria Gráfica
300 ## - PHYSICAL DESCRIPTION
Extensión 2v
650 ## - ASIENTO SECUNDARIO DE MATERIA -- TERMINO TEMÁTICO
Termino Temático Como Elemento de Entrada Novela AlemanaÌ
942 ## - ADDED ENTRY ELEMENTS (KOHA)
Source of classification or shelving scheme Dewey Decimal Classification
Koha item type Libros
Existencias
Withdrawn status Lost status Source of classification or shelving scheme Damaged status Not for loan Current library Date acquired Total Checkouts Full call number Barcode Date last seen Price effective from Koha item type
    Dewey Decimal Classification     Biblioteca UTECO 09/09/2019   833.912 M316M 005284 09/09/2019 09/09/2019 Libros
    Dewey Decimal Classification     Biblioteca UTECO 09/09/2019   833.912 M316M 005285 09/09/2019 09/09/2019 Libros
    Dewey Decimal Classification     Biblioteca UTECO 09/09/2019   833.912 M316M 008427 09/09/2019 09/09/2019 Libros
    Dewey Decimal Classification     Biblioteca UTECO 09/09/2019   833.912 M316M 008478 09/09/2019 09/09/2019 Libros
© 2021 Derechos Reservados UTECO - Teléfono: +1 809-585-2291 - Correo electrónico: biblioteca@uteco.edu.do​  
Código postal 43000 ​​
Dirección: Avenida Universitaria No. 100, 
Cotuí, Provincia Sánchez Ramírez, República Dominicana - RNC: 404-00059-6